000
00269nam a22001217a 4500
003
SGT
082
_a
320
_b
G97B
100
_a
BABBAR, GURCHARAN SINGH
245
_a
GOVERNMENT ORGANISED: CARNAGE
260
_b
BABBAR PUBLICATIONS
_c
1997
300
_a
248
942
_2
ddc
_c
BK
999
_c
29285
_d
29285